000 01162nam a2200301 a 4500
001 000016030
003 DO-SdBNP
005 20240313133356.0
007 ta
008 100223s1983 dr 001 0 spa d
040 _aDO-SdBNP
_bspa
_cDO-SdBNP
082 4 _a345.729305
_bP438c
_222
100 1 _aPèrez Mèndez, Artagnan,
_d1929-2017
_977104
245 1 0 _aCódigo penal dominicano anotado :
_blib.III. Til. II Cap. I /
_cArtagnan Pérez Méndez ; prólogo Juan Ml. Pellerano Gómez.
260 _aSantiago de los Caballeros, República Dominicana :
_bUniversidad Católica Madre y Maestra,
_c1983.
300 _a785 p. ;
_c23 cm.
490 1 _aEstudios
500 _aIncluye bibliografía y notas al pie de páginas.
504 _aBibliografía : p.781-785.
590 _aInventariado,2018/DG
650 4 _aDerecho penal
_xLegislación
_zRepública Dominicana
_916570
650 4 _aProcedimiento penal
_xLegislación
_zRepública Dominicana
_916571
650 4 _aLeyes
_zRepública Dominicana
_93033
700 1 _aPellerano Gómez, Juan Ml.,
_epról.
_911850
830 0 _aEstudios
_93854
910 _aValidado. Control de calidad EMS
942 _2ddc
_cLF1
999 _c15572
_d15572